Sports Quiz

Random Sports or Tennis Quiz

Grand Slam Tournament Winner's Nations Quiz Stats

 Plays Quiz not verified by Sporcle

Challenge
Share
Tweet
Embed
Score 0/27 Timer 05:00
0 Plays Today
Number of Players Nation % Correct
24USA
99.4%
12Australia
98.8%
10Spain
98.8%
5Russia
97.6%
4Great Britain
97.6%
4France
96.4%
4Sweden
96.4%
4(West) Germany
95.8%
4Argentina
95.2%
3Switzerland
94.5%
2Serbia
92.1%
1Brazil
90.9%
2Belgium
89.7%
3Italy
89.7%
Number of Players Nation % Correct
3Croatia
87.9%
1China
86.7%
3Czech Republic
84.8%
1Netherlands
84.2%
1Austria
83.6%
2Romania
78.2%
3Czechoslovakia
70.9%
1Belarus
70.3%
2Yugoslavia
69.7%
1Denmark
66.7%
1South Africa
66.1%
1Ecuador
57%
1Latvia
33.3%

You're not logged in!

Compare scores with friends on all Sporcle quizzes.
Join for Free
OR
Log In

You Might Also Like...

Show Comments

Extras

Top Quizzes Today


Score Distribution

Your Account Isn't Verified!

In order to create a playlist on Sporcle, you need to verify the email address you used during registration. Go to your Sporcle Settings to finish the process.

Report this User

Report this user for behavior that violates our Community Guidelines.

Details: